Direito Eleitoral Brasileiro. Temas Contemporńeos

Detalles Bibliográficos
Autor principal: Gomes da Costa, Daniel Castro
Otros Autores: de Carvalho Neto, Tarcisio Vieira
Formato: Libro
Lenguaje:portugués
Publicado: Brasil Pillares 2014
Materias:
Acceso en línea:Acceso restringido

MARC

LEADER 00000nam a22000007a 4500
005 20160520101321.0
007 cr|||| ||u|
008 160520s2014 bl ||||| |||| 00||0 por d
020 |a 978-85-8183-034-6 
035 |a 14228 
040 |a vLex  
090 |c 6107  |d 6107 
100 1 |a Gomes da Costa, Daniel Castro 
245 1 0 |a Direito Eleitoral Brasileiro. Temas Contemporńeos  |h [Recurso electrn̤ico] /  |c Daniel Castro Gomes da Costa  
256 |a Servicio en ln̕ea  
260 |a Brasil  |b Pillares  |c 2014 
300 |a 1 recurso electrn̤ico 
506 1 |a Contenido solo disponible en los productos indicados  |d vLex Global  |d vLex Global (Academic Edition, excluding Law Schools)  |d vLex Global (U.S. Academic Edition, Law Schools)  |d vLex Global (U.S. Academic Edition, excluding Law Schools)  |d vLex Global (Academic Edition, Law Schools) 
650 0 4 |a Derecho electoral  |z Brasil  
700 1 |a de Carvalho Neto, Tarcisio Vieira  
740 0 |a vLex libros (servicio en ln̕ea)  
856 4 0 |u http://vlex.com/source/direito-eleitoral-brasileiro-14228  |z Acceso restringido  
942 |c BOOK 
999 0 |a Election law  |b Brasil